Položenie o vyborach rajonnych (gorodskich) narodnych sudov Ėstonskoj SSR

Titel: Položenie o vyborach rajonnych (gorodskich) narodnych sudov Ėstonskoj SSR : oficial'nyj tekst, utverždennyj ukazom Prezidiuma Verchovnogo Soveta Ėstonskoj SSR ot 24 oktjabrja 1960 goda, s izmenenijami i dopolnenijami na 1 marta 1975 goda
Veröffentlicht: Tallin : Ėėsti Raamat, 1975
Umfang: 30 S.
Format: Buch
Sprache: Russisch
Kein Bild verfügbar
X
Lokale Klassifikation: 47 12 M
alg: 28680230
001A    $03004:02-01-12 
001B    $01999:25-04-21 $t10:51:16.000 
001C    $03004:02-01-12 $t14:43:25.000 
001D    $03004:02-01-12 
001U    $0utf8 
001X    $00 
002@    $0Aau 
003@    $0286802309 
003O    $0769951354 $aOCoLC 
007A    $0286802309 $aHEB 
007T    $0Herdhh286802309 
010@    $arus 
011@    $a1975 
021A    $aPoloženie o vyborach rajonnych (gorodskich) narodnych sudov Ėstonskoj SSR $doficial'nyj tekst, utverždennyj ukazom Prezidiuma Verchovnogo Soveta Ėstonskoj SSR ot 24 oktjabrja 1960 goda, s izmenenijami i dopolnenijami na 1 marta 1975 goda 
033A    $pTallin $nĖėsti Raamat 
034D    $a30 S. 
045F    $a340.09 $eDDC23BSB 
045F/01 $a340.09 
045F/03 $g4798 
046L    $aIn kyrill. Schr., russ. 

lok: 28680230 24
101B    $023-01-12 $t09:32:54.000 
101C    $002-01-12 
101U    $0utf8 
145Z/02 $a47 12 M 

exp: 28680230 24 1 #EPN
201B/01 $006-02-12 $t15:00:02.000 
201C/01 $002-01-12 
201U/01 $0utf8 
203@/01 $0636067254 
208@/01 $a06-02-12 $bz 
209A/01 $aS 25742 $du $f050 $hS 25742 $x00 
209C/01 $a11.09941 G $h11 09941 G 
209G/01 $a72938593 $x00 
220C/01 $amar 
247C/01 $8358050-7 Marburg, Bibliothek des Herder-Instituts Marburg $9102600961 

lok: 28680230 78

exp: 28680230 78 1 #EPN
201B/01 $019-04-17 $t22:03:02.000 
201U/01 $0utf8 
203@/01 $0793889227 
208@/01 $a12-11-16 $be 
209A/01 $a/ $f000 $x00 
237A/01 $aIn kyrill. Schr., russ. - weiterführende Signatur(en): Herder-Institut: S 25742 
244Z/01 $2Trx $#Estija $#Igaunija $#Estland $#Estonia $#Estonia $#Estónsko $#Estonsko $8--Trx--Eesti $x01 $9391237225 
245Z/01 $a07.02 $x01 
247C/01 $82080>Marburg/Lahn, Herder-Institut, Forschungsbibliothek, Bibliographieportal $9336309341
LEADER 00000cam a2200000 c 4500
001 286802309
003 DE-603
005 20210425105116.0
007 tu
008 120102s1975 xx |||| | u00||u|rus c
035 |a (DE-599)HEB286802309 
035 |a (OCoLC)769951354 
040 |a DE-603  |b ger  |c DE-603  |d DE-603 
041 |a rus 
082 0 4 |8 1\u  |a 340.09  |q DE-101  |2 23/BSB 
085 |8 1\u  |b 340.09 
085 |8 1\u  |z 2  |s 4798 
245 0 0 |a Položenie o vyborach rajonnych (gorodskich) narodnych sudov Ėstonskoj SSR  |b oficial'nyj tekst, utverždennyj ukazom Prezidiuma Verchovnogo Soveta Ėstonskoj SSR ot 24 oktjabrja 1960 goda, s izmenenijami i dopolnenijami na 1 marta 1975 goda 
264 1 |a Tallin  |b Ėėsti Raamat  |c 1975 
300 |a 30 S. 
546 |a In kyrill. Schr., russ. 
924 0 |9 Mb 50  |a (DE-603)636067254  |b DE-Mb50  |c HES  |d c  |g S 25742 
924 0 |9 2080  |a (DE-603)793889227  |b DE-2080  |c HES  |d d  |g /